|
|
|
|
| LEADER |
00000nam a2200000 a 4500 |
| 001 |
vtls001406246 |
| 003 |
SK-MaSNL |
| 005 |
20260302001306.0 |
| 008 |
251113s2000 xo ap r y 0 slo |
| 015 |
|
|
|a SNBE2001/02-00844
|
| 035 |
|
|
|a SNK000360884
|
| 040 |
|
|
|a SNK
|b slo
|c SNK
|e AACR2
|
| 041 |
0 |
|
|a slo
|
| 044 |
|
|
|a xo
|c SK
|
| 080 |
|
|
|a 338.45:347.232(437.6)(047.1)
|2 1981
|
| 080 |
|
|
|a 347.232
|2 1981
|
| 100 |
1 |
|
|a Nemcová, Edita,
|d 1954-
|4 aut
|9 13006
|
| 245 |
1 |
|
|a Priemysel SR a determinanty jeho ďalšieho vývoja v procese reštrukturalizácie
|c Edita Nemcová
|
| 260 |
|
|
|a Bratislava
|b Prognostický ústav SAV
|c 2000
|
| 300 |
|
|
|a 31 s.
|b grafy, tab.
|c 30x21 cm
|
| 490 |
1 |
|
|a Pracovné materiály
|v 3
|
| 500 |
|
|
|a 45 výt.
|
| 504 |
|
|
|a Res. angl. Lit. s. 31
|
| 650 |
0 |
7 |
|a reštrukturalizácia priemyslu
|2 SNKPH
|9 31064
|
| 650 |
0 |
7 |
|a analýzy
|2 SNKPH
|9 402972
|
| 655 |
|
7 |
|a výročné správy
|2 SNKPH
|9 70580
|
| 830 |
|
0 |
|a Pracovné materiály
|9 283068
|
| 958 |
|
|
|a TL
|
| 999 |
|
|
|c 983293
|d 985223
|
| 952 |
|
|
|t P60, <03>, [BOOK], {603}
|a SNK
|b SNK
|y PREZ
|7 0
|p 17A0270169
|o snkOSB 12794
|i snkKSP 1881/2001
|0 0
|1 0
|4 0
|d 2001-02-06
|l 0
|r 2005-01-02 00:00:00
|w 2026-02-24
|
| 952 |
|
|
|t P60, <04>, [BOOK], {604}
|a SNK
|b SNK
|y VYP
|7 0
|p 17A0270170
|o snkOSB 12794 D1
|i snkKSP 1882/2001
|0 0
|1 0
|4 0
|d 2001-02-06
|l 0
|r 2005-01-02 00:00:00
|w 2026-02-24
|